LEADER 01272nam a2200253 i 4500 001 000000054228 003 CaOOAMICUS 005 20240910125255.0 008 080626s1965 it u000 u ita u 040 $aSeMil$bita 100 1 $aPizzolato, Luigi Franco,$d<1939- >.$0(OLS)http://semarc/name/40 245 14$aLa "Explanatio Psalmorum 12." :$bstudio letterario sulla esegesi di sant'Ambrogio /$cLuigi Franco Pizzolato. 264 1$aMilano :$b[s.n.],$c1965$e(Viboldone - S. Giuliano Mil. :$fScuola Tip. S. Benedetto) 300 $a119 p. ;$c25 cm. 490 1 $aArchivio Ambrosiano ;$v17. 650 04$aAmbrogio - Esegesi biblica.$0(OLS)http://semarc/subject/18525 650 4$aAmbrogio . Explanatio psalmorum 12.$0(OLS)http://semarc/subject/3097 830 0$aArchivio Ambrosiano ;$v17.$0(OLS)http://semarc/title/254 850 $aSeMil 852 $aSeMil$W1$xVenegono$y1$m3TA A 17$j250707$B20382$CSeMilBibl$Z2$F20384 $81 961 $aAcquisto: Casa editrice 996 $6245$aLa "Explanatio Psalmorum 12." :$bstudio letterario sulla esegesi di sant'Ambrogio$9(OLS)http://semarc/title/83883 996 $6264$aMilano :$b[s.n.]$9(OLS)http://semarc/publisher/29709 LEADER 01123nam a2200265 i 4500 001 000000073847 003 CaOOAMICUS 005 20070411000000.0 008 070411s1982 it u000 u ita u 013 $a45019 040 $aSeMil$bita 100 1 $aScotellaro, Rocco <1924-1953>.$0(OLS)http://semarc/name/33590 245 10$aÉ fatto giorno /$cRocco Scotellaro ; a cura di Franco Vitelli. 260 $aMilano :$bArnoldo Mondadori Editore,$c1982 (copyr. 1954) 300 $a174 p. ;$c19 cm. 490 0 $aGli Oscar Mondadori. Poesia e teatro 490 0 $aOscar Mondadori ;$v1539 650 4$aPoesia italiana - Sec. 20. - Testi.$0(OLS)http://semarc/subject/1280 700 1 $aVitelli, Franco.$0(OLS)http://semarc/name/36651 830 0$aOscar. Poesia e teatro.$0(OLS)http://semarc/title/8469 830 0$aOscar ;$v1539.$0(OLS)http://semarc/title/8669 850 $aSeMil 852 $aSeMil$W1$xVenegono$y1$m1B I 33$j39999$B39999$CSeMilBibl$Z2$F40003 $81 996 $6245$aÉ fatto giorno$9(OLS)http://semarc/title/119788 996 $6260$aMilano :$bArnoldo Mondadori Editore$9(OLS)http://semarc/publisher/30056